Greater China : political economy, inward investment, and business culture (Record no. 198028)

MARC details
000 -LEADER
fixed length control field 00628nam a2200193Ia 4500
008 - FIXED-LENGTH DATA ELEMENTS--GENERAL INFORMATION
fixed length control field 191130s1996##################000#0#eng##
020 ## - INTERNATIONAL STANDARD BOOK NUMBER
ISBN 9780714647395
082 ## - DEWEY DECIMAL CLASSIFICATION NUMBER
Classification number 330.951 ROW
245 ## - TITLE STATEMENT
Title Greater China : political economy, inward investment, and business culture
Statement of responsibility, etc edited by Chris Rowley and Mark Lewis
260 ## - PUBLICATION, DISTRIBUTION, ETC. (IMPRINT)
Place of publication London ; Portland, OR
Name of publisher Frank Cass
Year of publication 1996
300 ## - PHYSICAL DESCRIPTION
Number of Pages 133 p. : ill. ; 24 cm
650 ## - SUBJECT ADDED ENTRY--TOPICAL TERM
Topical Term China -- Economic conditions -- 1976-2000
700 ## - ADDED ENTRY--PERSONAL NAME
Personal name Lewis, Mark
Personal name Rowley, Chris
991 ## -
-- 430884
Holdings
Withdrawn status Lost status Damaged status Not for loan Home library Current library Shelving location Date acquired Full call number Accession Number Price effective from Koha item type
        Anna Centenary Library Anna Centenary Library 4TH FLOOR, A WING 13.10.2020 330.951 ROW 180858 13.10.2020 English Books

Find us on the map